000 00302 a2200145 4500
001 155475
040 _cEscola São Tomás de Aquino
100 _aTERRA, Ernani
240 1 0 _aVerbos
_lpor
245 1 0 _aVerbos
362 0 _a1995
440 1 _aScipione
697 _aLíngua portuguesa
942 _cBK
999 _c155475
_d155475